000 00630nam a2200205Ia 4500
999 _c64402
_d64402
003 GCL
005 20240530110729.0
008 140319s9999 xx 000 0 ara d
020 _a9774084373
040 _aGCL /
_cGCL
082 0 4 _a005.3
_bر و
100 1 _aراثبون، اندى
245 1 0 _aويندوز فيستا /
_cاندى راثبون
250 _aط.1
260 _aالقاهرة :
_bدار الفاروق للنشر والتوزيع ،
_c2007
300 _a503 ص. ؛
_c24 سم.
650 0 4 _aالحاسبات الالكترونية - برامج
650 0 4 _aويندوز فيستا
942 _2ddc
_cBK